书目信息 |
| 题名: |
“六十四卦”中的人生哲理与谋略
|
|
| 作者: | 孙映逵 , 杨亦鸣 著 | |
| 分册: | ||
| 出版信息: | 北京 社会科学文献出版社 2006 |
|
| 页数: | 607页 | |
| 开本: | 22cm | |
| 丛书名: | ||
| 单 册: | ||
| 中图分类: | B221.5 , B821 | |
| 科图分类: | ||
| 主题词: | 人生哲学 | |
| 电子资源: | ||
| ISBN: | 7-80190-960-7 | |
| 000 | 00947nam0 2200277 450 | |
| 001 | 1539630642 | |
| 005 | 20151111110718.82 | |
| 010 | @a7-80190-960-7@dCNY35.00 | |
| 100 | @a20060119d2006 em y0chiy50 ea | |
| 101 | 0 | @achi |
| 102 | @aCN@b110000 | |
| 105 | @ay z 000yy | |
| 200 | 1 | @a“六十四卦”中的人生哲理与谋略@9“ liu shi si gua ” zhong de ren sheng zhe li yu mou lve@e《易经》对话录@f孙映逵,杨亦鸣著 |
| 210 | @a北京@c社会科学文献出版社@d2006 | |
| 215 | @a607页@d22cm | |
| 330 | @a本书采用主客对话的形式,联系实际生活解读《易经》六十四卦,展开科学分析,揭示人生哲理,点破谋略玄机。 | |
| 517 | 1 | @a《易经》对话录@9《 yi jing》 dui hua lu |
| 605 | @a周易@x人生哲学@x研究 | |
| 605 | @a周易 | |
| 606 | 0 | @a人生哲学 |
| 690 | @aB221.5@v5 | |
| 690 | @aB821@v5 | |
| 701 | 0 | @a孙映逵@9sun ying kui@f(1940.12~)@4著 |
| 701 | 0 | @a杨亦鸣@9yang yi ming@f(1957.11~)@4著 |
| 801 | 0 | @aCN@bTSSF@c20150129 |
| 905 | @aZUCC@dB221.5@eJY249 | |
| “六十四卦”中的人生哲理与谋略:《易经》对话录/孙映逵,杨亦鸣著.-北京:社会科学文献出版社,2006 |
| 607页;22cm |
| ISBN 7-80190-960-7:CNY35.00 |
| 本书采用主客对话的形式,联系实际生活解读《易经》六十四卦,展开科学分析,揭示人生哲理,点破谋略玄机。 |
| ● |
| 相关链接 |
|
|
|
|
正题名:"六十四卦"中的人生哲理与谋略
索取号:B221.5/JY249
 
预约/预借
| 序号 | 登录号 | 条形码 | 馆藏地/架位号 | 状态 | 备注 |
| 1 | 7836505 | 278365056 | 学院路分馆/ [索取号:B221.5/JY249] | 在馆 |